Reëfenja (Record no. 60926)
[ view plain ]
| 000 -LEADER | |
|---|---|
| fixed length control field | 00297nam a22001337a 4500 |
| 008 - FIXED-LENGTH DATA ELEMENTS--GENERAL INFORMATION | |
| fixed length control field | 260324b ||||| |||| 00| 0 eng d |
| 020 ## - INTERNATIONAL STANDARD BOOK NUMBER | |
| International Standard Book Number | 9789951053501 |
| 041 ## - LANGUAGE CODE | |
| Language code of text/sound track or separate title | Shqip |
| 080 ## - UNIVERSAL DECIMAL CLASSIFICATION NUMBER | |
| Universal Decimal Classification number | 821.112 |
| 100 ## - Rafti | |
| Rafti | 25 |
| 101 ## - Shkurtesa | |
| Shkurtesa | Tregime |
| 245 ## - TITLE STATEMENT | |
| Title | Reëfenja |
| Statement of responsibility, etc | Vëllezërit Grim |
| 942 ## - ADDED ENTRY ELEMENTS (KOHA) | |
| Source of classification or shelving scheme | |
| Item type | Books |
| Withdrawn status | Lost status | Source of classification or shelving scheme | Damaged status | Not for loan | Collection code | Permanent location | Current location | Date acquired | Total Checkouts | Barcode | Date last seen | Price effective from | Koha item type |
|---|---|---|---|---|---|---|---|---|---|---|---|---|---|
| Koleksioni i përgjithshem | UBT - Lipjan | UBT - Lipjan | 03/24/2026 | 003-800070999379 | 03/24/2026 | 03/24/2026 | Books | ||||||
| Koleksioni i përgjithshem | UBT - Lipjan | UBT - Lipjan | 03/24/2026 | 003-800070999380 | 03/24/2026 | 03/24/2026 | Books | ||||||
| Koleksioni i përgjithshem | UBT - Lipjan | UBT - Lipjan | 03/24/2026 | 003-800070999381 | 03/24/2026 | 03/24/2026 | Books | ||||||
| Koleksioni i përgjithshem | UBT - Lipjan | UBT - Lipjan | 03/24/2026 | 003-800070999382 | 03/24/2026 | 03/24/2026 | Books | ||||||
| Koleksioni i përgjithshem | UBT - Lipjan | UBT - Lipjan | 03/24/2026 | 003-800070999383 | 03/24/2026 | 03/24/2026 | Books | ||||||
| Koleksioni i përgjithshem | UBT - Lipjan | UBT - Lipjan | 03/24/2026 | 003-800070999384 | 03/24/2026 | 03/24/2026 | Books |